<?xml version="1.0" encoding="UTF-8"?>
<record
    xmlns:xsi="http://www.w3.org/2001/XMLSchema-instance"
    xsi:schemaLocation="http://www.loc.gov/MARC21/slim http://www.loc.gov/standards/marcxml/schema/MARC21slim.xsd"
    xmlns="http://www.loc.gov/MARC21/slim">

  <leader>01436nam a22002897a 4500</leader>
  <controlfield tag="003">NALT</controlfield>
  <controlfield tag="005">20250821135734.0</controlfield>
  <controlfield tag="008">      s2549    th                  tha d</controlfield>
  <datafield tag="020" ind1=" " ind2=" ">
    <subfield code="a">9747784319</subfield>
  </datafield>
  <datafield tag="040" ind1=" " ind2=" ">
    <subfield code="a">NALT</subfield>
  </datafield>
  <datafield tag="041" ind1=" " ind2=" ">
    <subfield code="a">tha</subfield>
  </datafield>
  <datafield tag="050" ind1=" " ind2=" ">
    <subfield code="a">RA 776.95</subfield>
    <subfield code="b">&#xE2B;159 2549</subfield>
  </datafield>
  <datafield tag="245" ind1="0" ind2="0">
    <subfield code="a">1,001 &#xE15;&#xE33;&#xE23;&#xE31;&#xE1A;&#xE22;&#xE32;&#xE43;&#xE01;&#xE25;&#xE49;&#xE15;&#xE31;&#xE27; &#xE23;&#xE31;&#xE01;&#xE29;&#xE32;&#xE42;&#xE23;&#xE04;&#xE14;&#xE49;&#xE27;&#xE22;&#xE15;&#xE19;&#xE40;&#xE2D;&#xE07; /</subfield>
    <subfield code="c">&#xE1A;&#xE23;&#xE23;&#xE13;&#xE32;&#xE18;&#xE34;&#xE01;&#xE32;&#xE23;&#xE40;&#xE25;&#xE48;&#xE21; &#xE40;&#xE21;&#xE27;&#xE34;&#xE15;&#xE32; &#xE27;&#xE07;&#xE28;&#xE4C;&#xE27;&#xE34;&#xE40;&#xE0A;&#xE35;&#xE22;&#xE23;&#xE0A;&#xE31;&#xE22; ; &#xE04;&#xE13;&#xE30;&#xE1C;&#xE39;&#xE49;&#xE41;&#xE1B;&#xE25; &#xE01;&#xE34;&#xE08;&#xE08;&#xE32; &#xE24;&#xE14;&#xE35;&#xE02;&#xE08;&#xE23; ... [&#xE41;&#xE25;&#xE30;&#xE04;&#xE19;&#xE2D;&#xE37;&#xE48;&#xE19; &#xE46;]</subfield>
  </datafield>
  <datafield tag="250" ind1=" " ind2=" ">
    <subfield code="a">&#xE1E;&#xE34;&#xE21;&#xE1E;&#xE4C;&#xE04;&#xE23;&#xE31;&#xE49;&#xE07;&#xE41;&#xE23;&#xE01;</subfield>
  </datafield>
  <datafield tag="260" ind1=" " ind2=" ">
    <subfield code="a">&#xE01;&#xE23;&#xE38;&#xE07;&#xE40;&#xE17;&#xE1E;&#xE2F; : </subfield>
    <subfield code="b">&#xE23;&#xE35;&#xE14;&#xE40;&#xE14;&#xE2D;&#xE23;&#xE4C;&#xE2A; &#xE44;&#xE14;&#xE40;&#xE08;&#xE2A;&#xE17;&#xE4C; (&#xE1B;&#xE23;&#xE30;&#xE40;&#xE17;&#xE28;&#xE44;&#xE17;&#xE22;), </subfield>
    <subfield code="c">2549.</subfield>
  </datafield>
  <datafield tag="300" ind1=" " ind2=" ">
    <subfield code="a">456 &#xE2B;&#xE19;&#xE49;&#xE32; :</subfield>
    <subfield code="b">&#xE20;&#xE32;&#xE1E;&#xE1B;&#xE23;&#xE30;&#xE01;&#xE2D;&#xE1A; ;</subfield>
    <subfield code="c">26 &#xE0B;&#xE21;.</subfield>
  </datafield>
  <datafield tag="650" ind1=" " ind2="4">
    <subfield code="a">&#xE42;&#xE23;&#xE04;</subfield>
    <subfield code="9">21112</subfield>
    <subfield code="x">&#xE01;&#xE32;&#xE23;&#xE23;&#xE31;&#xE01;&#xE29;&#xE32;</subfield>
  </datafield>
  <datafield tag="650" ind1=" " ind2="0">
    <subfield code="a">&#xE42;&#xE20;&#xE0A;&#xE19;&#xE1A;&#xE33;&#xE1A;&#xE31;&#xE14;</subfield>
    <subfield code="9">21113</subfield>
  </datafield>
  <datafield tag="650" ind1=" " ind2="4">
    <subfield code="a">&#xE2A;&#xE38;&#xE02;&#xE27;&#xE34;&#xE17;&#xE22;&#xE32;</subfield>
    <subfield code="9">10703</subfield>
  </datafield>
  <datafield tag="650" ind1=" " ind2="0">
    <subfield code="a">&#xE01;&#xE32;&#xE23;&#xE14;&#xE39;&#xE41;&#xE25;&#xE2A;&#xE38;&#xE02;&#xE20;&#xE32;&#xE1E;&#xE14;&#xE49;&#xE27;&#xE22;&#xE15;&#xE19;&#xE40;&#xE2D;&#xE07;</subfield>
    <subfield code="9">10701</subfield>
  </datafield>
  <datafield tag="650" ind1=" " ind2="0">
    <subfield code="a">&#xE22;&#xE32;&#xE2A;&#xE21;&#xE38;&#xE19;&#xE44;&#xE1E;&#xE23;</subfield>
    <subfield code="9">6004</subfield>
  </datafield>
  <datafield tag="700" ind1="0" ind2=" ">
    <subfield code="a">&#xE40;&#xE21;&#xE27;&#xE34;&#xE15;&#xE32; &#xE27;&#xE07;&#xE28;&#xE4C;&#xE27;&#xE34;&#xE40;&#xE0A;&#xE35;&#xE22;&#xE23;&#xE0A;&#xE31;&#xE22;</subfield>
    <subfield code="9">12624</subfield>
  </datafield>
  <datafield tag="700" ind1="0" ind2=" ">
    <subfield code="a">&#xE01;&#xE34;&#xE08;&#xE08;&#xE32; &#xE24;&#xE14;&#xE35;&#xE02;&#xE08;&#xE23;</subfield>
    <subfield code="9">21115</subfield>
  </datafield>
  <datafield tag="850" ind1=" " ind2=" ">
    <subfield code="a">NALT</subfield>
  </datafield>
  <datafield tag="942" ind1=" " ind2=" ">
    <subfield code="c">GB</subfield>
    <subfield code="2">lcc</subfield>
  </datafield>
  <datafield tag="998" ind1=" " ind2=" ">
    <subfield code="c">101</subfield>
    <subfield code="j">8</subfield>
    <subfield code="k"> &#xE19;&#xE32;&#xE22;&#xE1A;&#xE31;&#xE13;&#xE11;&#xE34;&#xE15;  &#xE2D;&#xE38;&#xE17;&#xE32;&#xE27;&#xE07;&#xE04;&#xE4C;</subfield>
  </datafield>
  <datafield tag="999" ind1=" " ind2=" ">
    <subfield code="c">48328</subfield>
    <subfield code="d">48328</subfield>
  </datafield>
  <datafield tag="952" ind1=" " ind2=" ">
    <subfield code="0">0</subfield>
    <subfield code="1">0</subfield>
    <subfield code="2">lcc</subfield>
    <subfield code="4">0</subfield>
    <subfield code="7">0</subfield>
    <subfield code="8">CGBL</subfield>
    <subfield code="a">NALT</subfield>
    <subfield code="b">NALT</subfield>
    <subfield code="d">2023-12-06</subfield>
    <subfield code="l">1</subfield>
    <subfield code="o">RA 776.95 &#xE2B;159 2549</subfield>
    <subfield code="p">3961160707</subfield>
    <subfield code="r">2023-12-13 00:00:00</subfield>
    <subfield code="s">2023-12-06</subfield>
    <subfield code="t">&#xE09;.2</subfield>
    <subfield code="w">2017-06-09</subfield>
    <subfield code="y">GB</subfield>
  </datafield>
  <datafield tag="952" ind1=" " ind2=" ">
    <subfield code="0">0</subfield>
    <subfield code="1">0</subfield>
    <subfield code="2">lcc</subfield>
    <subfield code="4">0</subfield>
    <subfield code="7">0</subfield>
    <subfield code="8">CGBL</subfield>
    <subfield code="a">NALT</subfield>
    <subfield code="b">NALT</subfield>
    <subfield code="l">1</subfield>
    <subfield code="o">RA 776.95 &#xE2B;159 2549</subfield>
    <subfield code="p">3961160706</subfield>
    <subfield code="r">2025-08-27 00:00:00</subfield>
    <subfield code="s">2025-08-21</subfield>
    <subfield code="t">&#xE09;.1</subfield>
    <subfield code="w">2017-06-09</subfield>
    <subfield code="y">GB</subfield>
  </datafield>
</record>
